Normal view
MARC view
- Choong, Kwai Fatt,
Entry Personal Name
001 - CONTROL NUMBER
- control field: 192
003 - CONTROL NUMBER IDENTIFIER
- control field: OSt
005 - DATE AND TIME OF LATEST TRANSACTION
- control field: 20170413143700.0
008 - FIXED-LENGTH DATA ELEMENTS
- fixed length control field: 170413|| aca||aabn | a|a d
040 ## - CATALOGING SOURCE
- Original cataloging agency: OSt
- Transcribing agency: OSt
100 ## - HEADING--PERSONAL NAME
- Personal name: Choong, Kwai Fatt,
- Titles and other words associated with a name: Dr.,
- Dates associated with a name: 1965-,
- Relator term: author.
670 ## - SOURCE DATA FOUND
- Source citation: Work cat.: (OSt)0: Choong, Kwai Fatt, Dr., 1965-, author., Selangkah Menerokai GST 6% :

PORTAL AKMAL
E-MEL JKDM
AKMAL2U
G-BAM
u-PUSTAKA